00773nam a22002177a 45000010005000000030006000050050017000110080041000280200018000690400029000870820010001161000021001262450087001472600044002343000049002784900029003275050008003565200141003645210030005055210020005359081FISKH20251120135335.0251119b cb ||||| |||| 00| 0 eng d a9780448456058 aFISKHbengcFISKHdFISKH a428.6 aBartlett, Craig  aTiny learns to fish ! /cbased on the television series created by Craig Bartlett  aNew York : bGrosset & Dunlap , c2011. a32 pages : bcolor illustrations ; c23 cm . aDinosaur Train vLevel 1 aH  aDad is teaching Team Pteranodon how to catch fish. But Tiny can not catch one. Will someone help her? Read this fun story and find out! 8 a360 bLexile estimate 8 aH bRaz-Plus